Statistics for Countries in a Tabulation

Click here to take the quiz!

General Stats

  • This quiz has been taken 73 times
    (36 since last reset)
  • The average score is 24 of 30

Answer Stats

Answer% Correct
India
100%
Canada
90%
Delhi
90%
English
90%
Europe
90%
France
90%
Hindi
90%
Mandarin
90%
New York
90%
United States
90%
Paris
87%
Argentina
84%
Bangladesh
84%
Mongolia
84%
Buenos Aires
77%
D.R. Congo
77%
Ethiopia
77%
Guangzhou
77%
Turkey
77%
Turkish
77%
Addis Ababa
74%
Brazil
74%
Istanbul
74%
Somalia
74%
Indonesia
71%
Papua New Guinea
71%
Angola
68%
Port Moresby
68%
Yangtze
68%
Congo
65%

Score Distribution

Percentile by Number Answered

Percent of People with Each Score

Your Score History

You have not taken this quiz since the last reset